[Event "Frankfurt-chA"]
[Site "Frankfurt"]
[Date "2019.05.20"]
[Round "4"]
[White "Rupp, Mark"]
[Black "Masoudi, Kian"]
[Result "1-0"]
[WhiteElo "1901"]
[BlackElo "1537"]
[PlyCount "95"]
[EventDate "2019.04.29"]
[EventType "swiss"]
[EventRounds "7"]
[EventCountry "GER"]
[SourceTitle "EXT 2020"]
[Source "ChessBase"]
[SourceDate "2019.10.17"]
[SourceVersion "1"]
[SourceVersionDate "2019.10.17"]
[SourceQuality "1"]

1. Nf3 Nf6 2. d4 c5 3. d5 e6 4. c4 exd5 5. cxd5 d6 6. Nc3 Be7 7. e4 0-0 8. Bd3 Bg4 9. h3 Bh5 10. 0-0 Nbd7 11. g4 Bg6 12. Nh4 Ne5 13. Nf5 Nxd3 14. Qxd3 Nd7 15. f4 Bxf5 16. exf5 Bf6 17. Be3 Re8 18. Ne4 Qe7 19. Nxf6+ Nxf6 20. Rfe1 Qe4 21. Rad1 Qf3 22. Bf2 Rxe1+ 23. Bxe1 Qxf4 24. Bg3 Qd4+ 25. Qxd4 cxd4 26. Rxd4 Rd8 27. Bh4 Kf8 28. g5 Nd7 29. g6 f6 30. gxh7 Kf7 31. Bg3 Ne5 32. Bxe5 fxe5 33. Rc4 Rh8 34. Rc7+ Kf6 35. Rxb7 Rxh7 36. Rxa7 Kxf5 37. Kg2 Ke4 38. Ra5 Kd3 39. Ra6 Rh6 40. Rc6 Rf6 41. Rc3+ Kd4 42. Rf3 Rxf3 43. Kxf3 Kd3 44. Kf2 Kc4 45. Ke3 Kxd5 46. b3 Kc5 47. Ke4 d5+ 48. Kxe5 1-0